000 00923nam a2200265 a 4500
001 000002729
005 20250311111645.0
008 090703s2002 dr bd 000 0 spa d
020 _a8495193108
040 _aDO-SdBNP
_bspa
_cBNPHU
082 _a001.42
_bH557m
100 1 _aHernández, Fernando
_914
245 1 0 _aMetodología de la investigación en ciencias sociales /
_cFernando Hernández.
260 _aSanto Domingo :
_bUAPA,
_c2002.
300 _a299 p. :
_bmap., diagraf. ;
_c26 cm.
490 1 _aAutoaprendizaje
504 _aIncluye referencias bibliográficas y notas al pie de las páginas
590 _aInventariado,2018/DG
650 0 _a Ciencia -
_xMetodología
_93
650 0 _aCiencias sociales --
_xMetodología
_97482
650 4 _aInvestigación social
_xMetodología
_98598
650 0 _a Investigación
_92
830 0 _aAutoaprendizaje
_91208
910 _aValidado. Control de calidad MMOLINA
999 _c2563
_d2563